000 01446naa a22003137a 4500
001 BR8801861
003 BR-BrBNA
005 20240918175959.0
007 ta
008 230509b bl.||||| |||| 00| 0 por d
040 _aBR-BrBNA
_bpor
_cBiblioteca Nacional de Agricultura
041 _a(Pt)
072 _aE20; E14
_b/G514
090 _aE20 BR8801861
100 1 _aReis, D.L. dos
111 1 _a23. Congresso Brasileiro de Economia e Sociologia Rural; 1. Encontro Nacional de Administracao Rural e Informatica
_cSao Paulo, SP (Brazil)
_d5-9 Aug 1985
245 1 _aProposta de atuacao da EMATER - MG na area de administracao rural: estudo tecnico-economico da propriedade rural
246 1 _a[Purpuse of the EMATER actuation in the area of rural administration: economical and technical study on rural property]
246 1 _a[Collectanea of works on rural administration and technology adoption]
260 3 _aBrasilia, DF (Brasil):
_c1986.
500 _aColetanea de trabalhos sobre administracao rural e adocao de tecnologia Brasilia, DF (Brasil): 1986. p. 47-75 (BR8801861-AM)E20
650 _aADMINISTRACAO AGRICOLA
650 _aPROPRIEDADE RURAL
650 _aTRANSFERENCIA DE TECNOLOGIA
650 _aMINAS GERAIS
773 0 _tColetanea de trabalhos sobre administracao rural e adocao de tecnologia
_wE20 BR8801861
_gBrasilia, DF (Brasil), 1986. p. 47-75
909 _a202404
_bLucia
_c55
_dLucia Elande
942 _cAM
_2AGRIS
999 _c319105
_d319105